01398cam a22003857a 4500003000500000005001700005008004100022010001000063011001000073020001500083035001000098040000900108082001900117110000800136245007800144260002400222300001100246490007600257590004100333590004100374590004100415590004100456590004200497650004000539650003400579700002200613700002300635830008300658901000700741905002300748942001000771949007700781999001700858952013700875CHAP20220817043542.0990614d1997 it rn 00110 eng d a78259 a79231 a9251040931 a89401 cCHAP04a630.72bF4 v.32 aFAO10aOrganizational principles and desingc/prepared by V.N. Asopa and G. Beye aRome :bFAO,c1997. a138 p. 0aFAO. Management of agricultural research . A training manualvModule; 3 aBATCH-UPDb10c20130110lUCH01h0450 aBATCH-UPDb10c20130410lUCH01h0127 aBATCH-UPDb10c20130914lUCH01h0421 aBATCH-UPDb10c20140805lUCH01h1147 aCONVERSIONb10c20130109lUCH01h134314aAgriculturaxInvestigación.9157714aPolítica agrícola.9902830 aAsopa, V.N.981120 aBeye, Gora.912121 0aFAO. Management of agricultural research . A training manualvModule; 3939614 aBK aLilia Sánchez G. cLIBRO a630.72 F4 v.3bBCcFAOd33724000727350eFAO1h95745i89401kDonaciØnsb c78259d78259 00104053708FAOaBCbBCcPP_FAOd2019-12-31fLIBROi127l0o630.72 F4 v.3p33724000727350r2019-12-31 00:00:00w2019-12-31yLIBRO